El nuevo código de procedimiento penal: de la teoría a la práctica, a través de casos desarrollados

Spremljeno u:
Bibliografski detalji
Glavni autori: Pomareda de Rosenauer, Cecilia (Autor), Stippel, Jörg Alfred (Autor)
Format: Knjiga
Jezik:španjolski
Izdano: Santa Cruz de la Sierra GTZ 2001
Teme:
Oznake: Dodaj oznaku
Bez oznaka, Budi prvi tko označuje ovaj zapis!

MARC

LEADER 00000nam a2200000 a 4500
001 UCM9711
003 CL-VaPUC
008 030509e20010000bo |||||||||||||||||spa|d
082 0 4 |a 345.84  |b POM  |2 21 
100 0 |a Pomareda de Rosenauer, Cecilia  |e author  |9 476265 
700 0 |a Stippel, Jörg Alfred  |e author  |9 476266 
245 1 3 |a El nuevo código de procedimiento penal: de la teoría a la práctica, a través de casos desarrollados 
300 |a 581 p 
942 |c BK 
945 |d 20030509 00:00:00  |a cmena 
260 |a Santa Cruz de la Sierra  |b GTZ  |c 2001 
650 7 |a CODIGO DE PROCEDIMIENTO PENAL  |2 CL-VaPUC  |9 256474 
650 7 |a DERECHO PENAL BOLIVIANO  |2 CL-VaPUC  |9 476267 
650 0 |a Reforma procesal penal   |9 471095 
651 0 |a Bolivia  |9 255454 
583 |a last modification  |c 20171017 11:52:36  |k Rodrigo Vera 
999 |c 303852  |d 303850 
952 |0 0  |1 0  |4 0  |6 345_840000000000000_POM_2001  |7 0  |8 A  |9 365427  |a BIBDER  |b BIBDER  |d 2019-11-21  |i 390296K  |o 345.84 POM 2001  |p 390296K  |r 2023-01-25  |w 2019-11-21  |y BK  |k DER